Countries with No Letters Repeating - Statistics

General Stats
  • This quiz has been taken 45 times
    10 since last reset
  • The average score is 36 of 53
Answer Stats
Letters Answer % Correct
6 France
100%
6 Mexico
100%
4 Oman
100%
6 Brazil
86%
4 Chad
86%
5 China
86%
4 Cuba
86%
5 Egypt
86%
7 Germany
86%
8 Honduras
86%
5 Italy
86%
5 Libya
86%
5 Niger
86%
6 Norway
86%
4 Peru
86%
6 Turkey
86%
7 Belarus
71%
6 Brunei
71%
5 Chile
71%
7 Denmark
71%
7 Iceland
71%
4 Iran
71%
4 Iraq
71%
6 Jordan
71%
4 Mali
71%
6 Poland
71%
8 Portugal
71%
5 Spain
71%
8 Suriname
71%
11 Switzerland
71%
7 Ukraine
71%
7 Belgium
57%
6 Cyprus
57%
7 Ecuador
57%
5 Gabon
57%
6 Guinea
57%
7 Hungary
57%
7 Ireland
57%
6 Israel
57%
5 Kenya
57%
6 Kuwait
57%
4 Laos
57%
6 Serbia
57%
8 Slovenia
57%
5 Sudan
57%
5 Tonga
57%
7 Vietnam
57%
7 Estonia
43%
8 Maldives
43%
5 Nepal
43%
9 Singapore
43%
10 Uzbekistan
43%
5 Syria
29%
No matching quizzes found
Score Distribution
Percent of People with Each Score
Percentile by Number Answered
Your Score History
You have not taken this quiz since the last reset